[Event "Titled Tuesday intern op 06th Jun Late"]
[Site "Chess.com INT"]
[Date "2023.06.06"]
[Round "1"]
[White "Bezerra, Natacio Goncalves"]
[Black "Khandelwal, Ankush"]
[Result "0-1"]
[WhiteElo "1991"]
[BlackElo "2221"]
[PlyCount "88"]
[EventDate "2023.06.06"]
[EventType "swiss (blitz)"]
[EventRounds "11"]
[EventCountry "USA"]
[SourceTitle "EXT 2024"]
[Source "ChessBase"]
[SourceDate "2023.10.10"]
[SourceVersion "1"]
[SourceVersionDate "2023.10.10"]
[SourceQuality "1"]

1. e4 d6 2. d4 Nf6 3. Bd3 e5 4. c3 d5 5. dxe5 Nxe4 6. Nf3 Nc6 7. Nbd2 Nc5 8. Bc2 Bg4 9. h3 Bh5 10. g4 Bg6 11. Nb3 Be4 12. Nxc5 Bxc5 13. Bxe4 dxe4 14. Qxd8+ Rxd8 15. Ng5 Nxe5 16. Nxe4 Nd3+ 17. Ke2 Nxc1+ 18. Raxc1 Be7 19. Rcd1 0-0 20. Rxd8 Rxd8 21. Rd1 Rxd1 22. Kxd1 f6 23. b3 b5 24. Ke2 Kf7 25. Kd3 Ke6 26. Kd4 f5 27. Ng3 c5+ 28. Ke3 g6 29. gxf5+ gxf5 30. Kf4 Bd6+ 31. Kg5 Bxg3 32. fxg3 Ke5 33. h4 Ke4 34. h5 Kd3 35. Kh6 Kxc3 36. Kxh7 c4 37. bxc4 bxc4 38. Kg7 Kd3 39. h6 c3 40. h7 c2 41. h8Q c1Q 42. Qd8+ Ke4 43. Qe7+ Kf3 44. Qc7 Qxc7+ 0-1

[Event "Titled Tuesday intern op 06th Jun Late"]
[Site "Chess.com INT"]
[Date "2023.06.06"]
[Round "2"]
[White "Pakleza, Zbigniew"]
[Black "Khandelwal, Ankush"]
[Result "1-0"]
[WhiteElo "2494"]
[BlackElo "2221"]
[PlyCount "75"]
[EventDate "2023.06.06"]
[EventType "swiss (blitz)"]
[EventRounds "11"]
[EventCountry "USA"]
[SourceTitle "EXT 2024"]
[Source "ChessBase"]
[SourceDate "2023.10.10"]
[SourceVersion "1"]
[SourceVersionDate "2023.10.10"]
[SourceQuality "1"]

1. d4 Nf6 2. Nf3 e6 3. Bf4 b6 4. e3 Bb7 5. h3 c5 6. c3 Be7 7. Bd3 cxd4 8. cxd4 0-0 9. Nc3 Nc6 10. a3 a6 11. 0-0 b5 12. e4 b4 13. axb4 Nxb4 14. Bb1 a5 15. Re1 h6 16. e5 Nfd5 17. Nxd5 Bxd5 18. Nd2 d6 19. Ne4 dxe5 20. Bxe5 f6 21. Bf4 g5 22. Qh5 Rf7 23. Bg3 Qf8 24. Nc3 Bc4 25. Be4 Rd8 26. Rxa5 Rxd4 27. Bg6 Rg7 28. Ra7 Bc5 29. Rxg7+ Kxg7 30. Ne4 Bb6 31. Be8 Kh8 32. Nxf6 Qxf6 33. Be5 Qxe5 34. Rxe5 Rd1+ 35. Kh2 Bc7 36. Qxh6+ Kg8 37. Qg6+ Kf8 38. Qf7# 1-0

[Event "Munich Pfingst op-A 1st"]
[Site "Munich"]
[Date "2023.06.04"]
[Round "6"]
[White "Khandelwal, Ankush"]
[Black "Parvanyan, Ashot"]
[Result "1-0"]
[WhiteElo "2205"]
[BlackElo "2431"]
[PlyCount "157"]
[EventDate "2023.05.31"]
[EventType "swiss"]
[EventRounds "9"]
[EventCountry "GER"]
[SourceTitle "CBM 214 Extra"]
[Source "ChessBase"]
[SourceDate "2023.07.31"]
[SourceVersion "1"]
[SourceVersionDate "2023.07.31"]
[SourceQuality "1"]

1. e4 e6 2. d4 d5 3. exd5 exd5 4. Nf3 Nc6 5. c3 Bd6 6. Bd3 Nge7 7. 0-0 Bg4 8. Re1 Qd7 9. Nbd2 0-0 10. Nf1 f6 11. Ne3 Bh5 12. g3 f5 13. Ng2 Ng6 14. Be2 Rae8 15. Ne5 Bxe2 16. Nxd7 Bxd1 17. Rxd1 Rf7 18. Nc5 Nd8 19. Nd3 Ne6 20. Re1 Kf8 21. f4 c6 22. a4 a5 23. b3 Nc7 24. Ne3 Re4 25. Ba3 Bxa3 26. Rxa3 Ne8 27. h4 h5 28. Kf2 Nd6 29. Ne5 Nxe5 30. dxe5 Ne8 31. Rd1 Nc7 32. Nf1 d4 33. Rxd4 Rxd4 34. cxd4 Rd7 35. Ne3 g6 36. Nc4 Rxd4 37. Nxa5 Rb4 38. Ke3 c5 39. Nc4 b5 40. axb5 Nxb5 41. Ra8+ Kf7 42. Na5 Nd4 43. Ra7+ Kf8 44. Kd3 Nxb3 45. Nxb3 c4+ 46. Kc3 cxb3 47. Kb2 Ke8 48. Ra3 Ke7 49. Rxb3 Re4 50. Rb7+ Kf8 51. Kc3 Ra4 52. Kd3 Re4 53. Kc3 Ra4 54. Rb4 Ra3+ 55. Kc4 Ke7 56. Rb7+ Ke6 57. Rb6+ Kf7 58. Rb3 Ra7 59. Kd5 Ra5+ 60. Kc6 Ra6+ 61. Rb6 Ra3 62. Kd7 Ra7+ 63. Kd6 Re7 64. Rc6 Re6+ 65. Kd5 Re7 66. Rf6+ Kg7 67. Rd6 Kf7 68. Kc6 Re8 69. Rf6+ Kg7 70. Kd7 Ra8 71. Rc6 Ra3 72. e6 Rd3+ 73. Rd6 Re3 74. e7 Kf7 75. e8Q+ Rxe8 76. Rf6+ Kxf6 77. Kxe8 Kg7 78. Ke7 Kh7 79. Kf7 1-0

[Event "ENG-ch Chessable"]
[Site "Kenilworth"]
[Date "2023.05.28"]
[Round "5"]
[White "Yoon, Jacob D"]
[Black "Khandelwal, Ankush"]
[Result "0-1"]
[WhiteElo "2035"]
[BlackElo "2205"]
[PlyCount "54"]
[EventDate "2023.05.26"]
[EventType "swiss"]
[EventRounds "7"]
[EventCountry "ENG"]
[SourceTitle "CBM 214 Extra"]
[Source "ChessBase"]
[SourceDate "2023.07.31"]
[SourceVersion "1"]
[SourceVersionDate "2023.07.31"]
[SourceQuality "1"]

1. d4 Nf6 2. Bf4 g6 3. Nc3 d5 4. Qd2 Bg7 5. Bh6 0-0 6. Bxg7 Kxg7 7. e3 c5 8. dxc5 Qa5 9. Ne4 Qxd2+ 10. Nxd2 a5 11. c4 Rd8 12. Ngf3 Na6 13. cxd5 Nxc5 14. Rc1 Rxd5 15. Bc4 Rd8 16. Nb3 Na4 17. Bb5 Nxb2 18. Ke2 a4 19. Nbd4 Bg4 20. Rc2 a3 21. h3 Bxf3+ 22. Nxf3 Nd5 23. Ne5 Ra5 24. Bc4 Nb4 25. Nxf7 Rc8 26. Rxb2 axb2 27. Bb3 Rc1 0-1

[Event "Titled Tuesday intern op 23rd May Late"]
[Site "Chess.com INT"]
[Date "2023.05.23"]
[Round "2"]
[White "Bakalchuk, Johnatan"]
[Black "Khandelwal, Ankush"]
[Result "1-0"]
[WhiteElo "2451"]
[BlackElo "2205"]
[PlyCount "63"]
[EventDate "2023.05.23"]
[EventType "swiss (blitz)"]
[EventRounds "11"]
[EventCountry "USA"]
[SourceTitle "EXT 2024"]
[Source "ChessBase"]
[SourceDate "2023.10.10"]
[SourceVersion "1"]
[SourceVersionDate "2023.10.10"]
[SourceQuality "1"]

1. e4 c5 2. Nf3 d6 3. d4 cxd4 4. Nxd4 Nf6 5. Nc3 a6 6. h4 e5 7. Nb3 Be7 8. Be2 Be6 9. f4 b5 10. f5 Bc8 11. Be3 Bb7 12. Bf3 b4 13. Na4 Nbd7 14. Qd2 a5 15. g4 Nxe4 16. Qg2 d5 17. 0-0-0 Qc7 18. g5 Qc6 19. Bxe4 dxe4 20. Rxd7 Qxd7 21. Nb6 Qc7 22. f6 gxf6 23. gxf6 Bxf6 24. Rf1 Bxh4 25. Qg7 Rf8 26. Rf5 Be7 27. Rxe5 Rd8 28. Bc5 Rd6 29. Nc4 Rg6 30. Qxh7 Rg1+ 31. Bxg1 Qxc4 32. Bc5 1-0

[Event "Titled Tuesday intern op 23rd May Late"]
[Site "Chess.com INT"]
[Date "2023.05.23"]
[Round "1"]
[White "Cardozo Munar, Carlos Eduardo"]
[Black "Khandelwal, Ankush"]
[Result "0-1"]
[WhiteElo "2043"]
[BlackElo "2205"]
[PlyCount "74"]
[EventDate "2023.05.23"]
[EventType "swiss (blitz)"]
[EventRounds "11"]
[EventCountry "USA"]
[SourceTitle "EXT 2024"]
[Source "ChessBase"]
[SourceDate "2023.10.10"]
[SourceVersion "1"]
[SourceVersionDate "2023.10.10"]
[SourceQuality "1"]

1. e4 c5 2. Nf3 d6 3. Nc3 Nf6 4. Bc4 a6 5. a4 Nc6 6. 0-0 g6 7. Re1 Bg7 8. Nd5 0-0 9. h3 Rb8 10. c3 b5 11. Nxf6+ Bxf6 12. Bd5 Bb7 13. axb5 axb5 14. d4 c4 15. e5 dxe5 16. dxe5 Nxe5 17. Bxb7 Qxd1 18. Rxd1 Rxb7 19. Nxe5 Bxe5 20. Bh6 Rfb8 21. Rd5 f6 22. Rad1 g5 23. Rd8+ Kf7 24. h4 gxh4 25. Kf1 Rxd8 26. Rxd8 b4 27. Rc8 bxc3 28. bxc3 Rc7 29. Rh8 f5 30. Bd2 Bxh8 31. Ke2 Rd7 32. Be1 Rd3 33. f3 Bxc3 34. Bxh4 Bf6 35. Bf2 Ra3 36. Bc5 Ra2+ 37. Kf1 c3 0-1